Redes de think tanks e intelecturales de derecha en América Latina /

שמור ב:
מידע ביבליוגרפי
מחבר ראשי: Fischer, Karin
מחברים אחרים: Plehwe, Dieter
פורמט: Texto
תגים: הוספת תג
אין תגיות, היה/י הראשונ/ה לתייג את הרשומה!

MARC

LEADER 00000 a a2200000 04500
001 45738
003
040 |a CRAI/IIS  |c CRAI/IIS 
100 |a Fischer, Karin  
245 |a Redes de think tanks e intelecturales de derecha en América Latina /  |c Karin Fischer, Dieter Plehwe  
700 |a Plehwe, Dieter  
773 |g número245 (2013), páginas 70-86  
999 |c 18424  |d 18424